[Event "MK Cafe op-A"]
[Site "Koszalin"]
[Date "1997.08.04"]
[Round "2"]
[White "Markowski, Damian"]
[Black "Stypka, Mieczyslaw"]
[Result "1-0"]
[WhiteElo "2305"]
[BlackElo "2215"]

1.e4 c5 2.Nf3 d6 3.Bb5+ Bd7 4.a4 Nc6 5.O-O Nf6 6.Re1 e6 7.c3 Be7 8.d4 a6
9.Bf1 cxd4 10.cxd4 d5 11.e5 Ne4 12.Nbd2 Nxd2 13.Bxd2 Qb6 14.a5 Qd8 15.Qb3 Rb8
16.Qe3 Na7 17.Bd3 Rc8 18.Qf4 Bb5 19.Bb1 h6 20.Qg4 Kf8 21.h4 Nc6 22.Qf4 Ke8
23.Bc3 Bb4 24.Rc1 Be7 25.Qg4 Kf8 26.Kh2 Nb4 27.Ne1 Nc6 28.h5 Qd7 29.Bd3 Na7
30.Bc2 Nc6 31.Nd3 Bxd3 32.Bxd3 Nb4 33.Be2 Nc6 34.Qg3 f5 35.f4 Qe8 36.Rab1 Rg8
37.Qh3 g5 38.hxg6 Qxg6 39.Rg1 h5 40.Bxh5 Qh6 41.g4 Rh8 42.Kg3 fxg4 43.Bxg4 Qg7
44.Qf1 Rh4 45.Qf3 Kf7 46.f5 Rg8 47.fxe6+ Ke8 48.Qf7+ Qxf7 49.exf7+ Kxf7 50.Kf3 Bb4
51.Be6+ Kxe6 52.Rxg8 Nxd4+ 53.Kg2 Bxc3 54.bxc3 Nb5 55.Re1 Nxc3 56.Rg6+ Ke7
57.Rb6 Ne4 58.Rc1 Rg4+ 59.Kf3 Rh4 60.Rc7+ Kd8  1-0

[Event "MK Cafe op-A"]
[Site "Koszalin"]
[Date "1997.08.04"]
[Round "3"]
[White "Pedzich, Dominik"]
[Black "Vaulin, Alexander"]
[Result "1/2-1/2"]
[WhiteElo "2465"]
[BlackElo "2530"]

1.e4 c5 2.Nf3 d6 3.Bb5+ Bd7 4.Bxd7+ Qxd7 5.O-O e6 6.c4 Nf6 7.Nc3 Be7 8.d4 cxd4
9.Nxd4 O-O 10.Be3 b6 11.Qe2 Qb7 12.f3 Nbd7 13.Rfd1 a6 14.Rac1 Rfe8 15.b3 Bf8
16.Qf2 Rac8 17.Rc2 d5 18.cxd5 exd5 19.Nxd5 Nxd5 20.exd5 Qxd5 21.Rxc8 Rxc8
22.Qf1 b5 23.Bf2 Ne5 24.Ne2 Qe6 25.Nd4 Qd7 26.Qe2 Ng6 27.Qe4 h5 28.h3 Rc5
29.f4 Rd5 30.Re1 f5 31.Qe3 Bb4 32.Re2 Bd6 33.g3 h4 34.Qe6+ Qxe6 35.Nxe6 hxg3
36.Bxg3 a5 37.Kg2 a4 38.bxa4 bxa4 39.h4 Nf8 40.Nxf8 Kxf8 41.h5 a3 42.Bh4 Kf7
43.Bg5 Rd3 44.Kh2 Rf3 45.Kg2 Rc3 46.Kh2 Rc8 47.Kg3 Rh8 48.Rh2 Re8 49.Kf3 Rc8
50.Re2 Rc1 51.Rd2 Ke6 52.Re2+ Kf7 53.Rd2 Ke6 54.Re2+ Kf7 55.Rd2  1/2-1/2

[Event "MK Cafe op-A"]
[Site "Koszalin"]
[Date "1997.08.04"]
[Round "3"]
[White "Waschk, Armin"]
[Black "Sher, Miron N"]
[Result "0-1"]
[WhiteElo "2245"]
[BlackElo "2425"]

1.e4 c5 2.Nf3 d6 3.Bb5+ Nc6 4.O-O Bd7 5.c3 Nf6 6.Re1 a6 7.Ba4 b5 8.Bc2 e5
9.d4 Be7 10.h3 O-O 11.Nbd2 Qc7 12.Nf1 cxd4 13.cxd4 Nxd4 14.Nxd4 exd4 15.Bf4 Be6
16.Rc1 Qa7 17.Ng3 Nd7 18.Nf5 Bxf5 19.exf5 Ne5 20.Be4 Rac8 21.Rxc8 Rxc8 22.Qh5 Bf6
23.g4 g6 24.Qh6 Re8 25.Rc1 Qd7 26.Bd5 Bg7 27.Qh4 gxf5 28.Qg3 fxg4 29.Kh1 h5
30.Rg1 Qf5 31.Re1 Re7 32.Be4 Nf3 33.hxg4 hxg4  0-1

[Event "Montecatini Terme op"]
[Site "Montecatini Terme"]
[Date "1997.08.04"]
[Round "4"]
[White "De Kleuver, Esther"]
[Black "Genocchio, Daniele"]
[Result "0-1"]
[WhiteElo "2180"]
[BlackElo "2215"]

1.e4 c5 2.Nf3 d6 3.Bb5+ Bd7 4.Bxd7+ Qxd7 5.O-O Nc6 6.c3 Nf6 7.d4 cxd4 8.cxd4 d5
9.e5 Ne4 10.Ne1 h6 11.f3 Ng5 12.Nc3 g6 13.Be3 Ne6 14.f4 Ng7 15.Qf3 e6 16.Nc2 Rc8
17.Bf2 Be7 18.Qh3 Na5 19.Bh4 Bxh4 20.Qxh4 Nc4 21.Rac1 Nxb2 22.Ne3 Nd3 23.Ncxd5 exd5
24.Nxd5 Nf5 25.Qh3 Qxd5 26.Rxc8+ Kd7 27.Rc2 Qxd4+ 28.Kh1 Rc8 29.Rd2 Nf2+
30.Rdxf2 Qxf2 31.Qd3+ Qd4 32.Qb5+ Kc7 33.Rc1+ Kb8 34.Rb1 Qe4 35.a4 Nh4 36.Rb2 Nxg2  0-1

[Event "AUT-ch"]
[Site "Moesern"]
[Date "1997.08.05"]
[Round "4"]
[White "Weinzettl, Ernst"]
[Black "Danner, Georg"]
[Result "1-0"]
[WhiteElo "2410"]
[BlackElo "2415"]

1.e4 c5 2.Nf3 d6 3.Bb5+ Bd7 4.Bxd7+ Nxd7 5.O-O Ngf6 6.Qe2 e6 7.b3 Be7 8.Bb2 O-O
9.d3 Qc7 10.Nbd2 Ne5 11.Nxe5 dxe5 12.Nc4 Nd7 13.g3 Bf6 14.f4 exf4 15.e5 Be7
16.Rxf4 b5 17.Nd2 Bg5 18.Rg4 Bxd2 19.Qxd2 f5 20.exf6 Nxf6 21.Rh4 Rae8 22.Re1 Qf7
23.Rf4 Qg6 24.Re5 a6 25.Qe2 Nd5 26.Rg4 Qf7 27.Reg5 g6 28.c4 bxc4 29.dxc4 Nb4
30.Rf4 Qc7 31.Rxf8+ Rxf8 32.Qxe6+ Qf7 33.Qxf7+ Kxf7 34.Rxc5 Nd3 35.Rc7+ Ke6
36.Bd4 Kf5 37.Re7 Rd8 38.Be3 h5 39.Kg2 Ne5 40.h3 Rd1 41.Bh6 g5 42.Bg7 Rd2+
43.Kf1 Nd3 44.Re2 Rd1+ 45.Kg2 g4 46.h4 Kg6 47.Bc3 Rc1 48.Bd4 Kf7 49.Bf2 Rd1
50.a3 Rc1 51.Bd4 Ne1+ 52.Kf2 Nf3 53.Bb2 Rd1 54.c5 Ng1 55.c6 Nxe2 56.c7 Rd2
57.c8=Q Rxb2 58.Qf5+ Kg8 59.Qg6+  1-0

[Event "MK Cafe op-A"]
[Site "Koszalin"]
[Date "1997.08.06"]
[Round "5"]
[White "Waschk, Armin"]
[Black "Szelag, Marcin"]
[Result "1/2-1/2"]
[WhiteElo "2245"]
[BlackElo "2290"]

1.e4 c5 2.Nf3 d6 3.Bb5+ Nc6 4.O-O Bd7 5.c3 Nf6 6.Qe2 a6 7.Ba4 b5 8.Bc2 Bg4
9.h3 Bxf3 10.Qxf3 g6 11.Rd1 Qb6 12.a4 Rc8 13.axb5 axb5 14.d3 Bg7 15.Be3 Nd7
16.Nd2 O-O 17.Bb3 Na5 18.Rdb1 Nxb3 19.Nxb3 Ra8 20.d4 cxd4 21.Bxd4 Bxd4 22.Nxd4 Ra4
23.Ra3 Rfa8 24.Rb3 R8a5 25.Qe2 Rc4 26.Qxc4 bxc4 27.Rxb6 Nxb6 28.Nc6 Rc5 29.Nxe7+ Kf8
30.b4 cxb3 31.Rxb3 Kxe7 32.Rxb6 Rxc3  1/2-1/2

[Event "BCF-ch"]
[Site "Hove"]
[Date "1997.08.07"]
[Round "4"]
[White "Ansell, Simon"]
[Black "Mestel, A Jonathan"]
[Result "1-0"]
[WhiteElo "2390"]
[BlackElo "2500"]

1.e4 c5 2.Nf3 d6 3.Bb5+ Nd7 4.d4 Nf6 5.Nc3 a6 6.Bxd7+ Nxd7 7.Bg5 h6 8.Bh4 g6
9.dxc5 Nxc5 10.e5 Bg7 11.exd6 Qxd6 12.Qxd6 exd6 13.O-O-O Be6 14.Nd4 d5 15.Rhe1 g5
16.Bg3 O-O-O 17.b4 Nd7 18.Nxd5 Bxd5 19.Nf5 Nb6 20.Ne7+ Kd7 21.Nxd5 Kc6 22.Nxb6 Rxd1+
23.Rxd1 Kxb6 24.c4 Rc8 25.Rd6+ Ka7 26.c5 a5 27.a3 axb4 28.axb4 f5 29.f3 Bc3
30.Rb6 Rc6 31.Kc2 Bd4 32.Rxc6 bxc6 33.Kd3 Bb2 34.h4 Ka6 35.h5 Kb5 36.Be1 g4
37.Bd2 gxf3 38.gxf3 Bg7 39.Bc3 Bf8 40.f4 Ka6 41.Kc4 Kb7 42.Bf6 Ka6 43.Be5 Ka7
44.b5 Kb7 45.Kb4  1-0

[Event "MK Cafe op-A"]
[Site "Koszalin"]
[Date "1997.08.08"]
[Round "7"]
[White "Markowski, Damian"]
[Black "Renet, Olivier"]
[Result "1/2-1/2"]
[WhiteElo "2305"]
[BlackElo "2520"]

1.e4 c5 2.Nf3 d6 3.Bb5+ Bd7 4.a4 Nc6 5.O-O Nf6 6.Re1 e6 7.c3 a6 8.Bf1 Rc8
9.Na3 Be7 10.h3 O-O 11.d3 Re8 12.Rb1 h6 13.Bd2 Bf8 14.b4 cxb4 15.cxb4 Ra8
16.Bc3 e5 17.Qb3 Nh7 18.g3 Qf6 19.Qd1  1/2-1/2

[Event "Holger Blomstrand's op"]
[Site "Goeteborg"]
[Date "1997.08.10"]
[Round "2"]
[White "Andersson, Fredrik"]
[Black "Pisulinski, Jan"]
[Result "0-1"]
[WhiteElo "2025"]
[BlackElo "2385"]

1.e4 c5 2.Nf3 d6 3.Bb5+ Bd7 4.Bxd7+ Nxd7 5.O-O Ngf6 6.Re1 e6 7.c3 Be7 8.d4 O-O
9.Bg5 Rc8 10.Nbd2 cxd4 11.cxd4 d5 12.e5 Ne8 13.Bxe7 Qxe7 14.Qb3 Nb6 15.Rac1 Nc7
16.a4 Na6 17.a5 Na8 18.Rc3 Rxc3 19.bxc3 Qc7 20.Qa3 h6 21.c4 dxc4 22.Rc1 Qc6
23.Rxc4 Qd5 24.Rc1 N8c7 25.Nc4 Nb5 26.Qb2 Rd8 27.Ne3 Qd7 28.h3 Nac7 29.Ng4 Nd5
30.Rc5 a6 31.Qd2 h5 32.Ne3 Ne7 33.Nc4 Nf5 34.Qg5 Nbxd4 35.Qxh5 Nb3 36.Nd6 Nxc5
37.Ng5 Nh6 38.g4 f6 39.exf6 Qxd6 40.f7+  0-1

[Event "TCN Cup 3rd "]
[Site "Beijing"]
[Date "1997.08.11"]
[Round "2"]
[White "Zhang Zhong"]
[Black "Lin Weiguo"]
[Result "1-0"]
[WhiteElo "2475"]
[BlackElo "2470"]

1.e4 c5 2.Nf3 d6 3.Bb5+ Bd7 4.Bxd7+ Nxd7 5.O-O Ngf6 6.Qe2 e6 7.c3 Be7 8.d4 O-O
9.Rd1 cxd4 10.cxd4 d5 11.e5 Ne4 12.Ne1 f5 13.f3 Ng5 14.Nd3 Rc8 15.Nc3 Nb6
16.Be3 Nc4 17.Bf2 Nf7 18.Rac1 Qd7 19.b3 Na5 20.Nc5 Bxc5 21.dxc5 Nc6 22.Nxd5 exd5
23.e6 Qc7 24.exf7+ Qxf7 25.Qd2 Rfd8 26.b4 a6 27.a4 h6 28.Bg3 a5 29.b5 Nb4
30.Be5 d4 31.Bxd4 Rd5 32.Qf2 Rcd8 33.Rd2 Kh7 34.Rcd1 R5d7 35.Qe3 Re7 36.Qc3 Red7
37.h3 Qg6 38.Bf2 Rd5 39.Rd4 Qf6 40.Qc4 Rxd4 41.Rxd4 Rxd4 42.Bxd4 Qg6 43.Be5 Qe8
44.f4 Qd7 45.Bd6 Qe8 46.Kh2 Qe3 47.Qf7 Nd3 48.Qxf5+ Kg8 49.c6 bxc6 50.bxc6 Ne1
51.Qd5+  1-0

[Event "TCN Cup 3rd "]
[Site "Beijing"]
[Date "1997.08.12"]
[Round "3"]
[White "Liang Jinrong"]
[Black "Zhang Zhong"]
[Result "1/2-1/2"]
[WhiteElo "2425"]
[BlackElo "2475"]

1.e4 c5 2.Nf3 d6 3.Bb5+ Bd7 4.Bxd7+ Qxd7 5.O-O Nc6 6.Re1 Nf6 7.b3 e6 8.Bb2 Be7
9.c4 e5 10.Nc3 O-O 11.d3 Bd8 12.Bc1  1/2-1/2

[Event "TCN Cup 3rd "]
[Site "Beijing"]
[Date "1997.08.14"]
[Round "5"]
[White "Liang Jinrong"]
[Black "Ye Jiangchuan"]
[Result "1/2-1/2"]
[WhiteElo "2425"]
[BlackElo "2530"]

1.e4 c5 2.Nf3 d6 3.Bb5+ Bd7 4.Bxd7+ Qxd7 5.O-O Nc6 6.Re1 Nf6 7.b3 e6 8.Bb2 Be7
9.d4 cxd4 10.Nxd4 O-O 11.c4 a6 12.Nc3 Qc7 13.Nxc6 Qxc6 14.Qe2 Rfe8 15.e5 dxe5  1/2-1/2

[Event "ST Lee Cup 4th"]
[Site "Beijing"]
[Date "1997.08.24"]
[Round "2"]
[White "Simonovic, Aleksandar"]
[Black "Alterman, Boris"]
[Result "0-1"]
[WhiteElo "2420"]
[BlackElo "2615"]

1.e4 c5 2.Nf3 d6 3.Bb5+ Nc6 4.O-O Bd7 5.Re1 Nf6 6.Nc3 e5 7.a4 Be7 8.d3 h6
9.h3 O-O 10.Ne2 a6 11.Bc4 Na5 12.Ba2 Kh8 13.Ng3 Nh7 14.c3 Rc8 15.Bd5 Qc7
16.Be3 c4 17.d4 Nf6 18.b4 Nb3 19.dxe5 dxe5 20.Ra2 Rce8 21.a5 Nxd5 22.exd5 Bd6
23.Bb6 Qc8 24.Rae2 f6 25.Nh4 Kh7 26.Ne4 Bb8 27.Nc5 f5 28.Nf3 e4 29.Nd4 Nxd4
30.Qxd4 Be5 31.Qd2 Rf6 32.f3 Rg6 33.fxe4 f4 34.Nxd7 Qxd7 35.Rf2 Qxh3 36.Bd4 f3
37.Bxe5 Rxe5 38.Re3 Rh5  0-1

[Event "USA-ch G2"]
[Site "Chandler"]
[Date "1997.08.24"]
[Round "2"]
[White "Kudrin, Sergey"]
[Black "Gurevich, Dmitry"]
[Result "1/2-1/2"]
[WhiteElo "2535"]
[BlackElo "2575"]

1.e4 c5 2.Nf3 d6 3.Bb5+ Bd7 4.Bxd7+ Qxd7 5.O-O Nc6 6.c4 Nf6 7.Nc3 Ne5 8.d3 Nxf3+
9.Qxf3 g6 10.h3 Bg7 11.Be3 O-O 12.d4 Ng4 13.dxc5 Nxe3 14.Qxe3 Bxc3  1/2-1/2

[Event "ST Lee Cup 4th"]
[Site "Beijing"]
[Date "1997.08.25"]
[Round "3"]
[White "Li Ruofan"]
[Black "Zhang Weida"]
[Result "1/2-1/2"]
[WhiteElo "2245"]
[BlackElo "2335"]

1.e4 c5 2.Nf3 d6 3.Bb5+ Bd7 4.Bxd7+ Qxd7 5.O-O Nf6 6.Qe2 Nc6 7.b3 e6 8.Bb2 Be7
9.c4 O-O 10.d4 cxd4 11.Nxd4 a6 12.Rd1 Rfe8 13.Nc3 Nxd4 14.Rxd4 Qc6 15.Rad1 b5
16.cxb5 axb5 17.Nxb5 Rxa2 18.Nxd6 Bxd6 19.Rxd6 Qxe4 20.Qxe4 Nxe4 21.Rd8 Rf8
22.Rxf8+ Kxf8 23.Bd4 f6 24.f3 Nd2 25.b4 Nb3 26.Be3 Ke8 27.Rb1 Ra3 28.Kf2 Kd7
29.b5 Kc8 30.b6 e5 31.Kg3 Nd4 32.Bxd4 exd4 33.Rc1+ Kb7 34.Rc7+ Kxb6 35.Rxg7 Ra7
36.Rxa7 Kxa7 37.Kf4 Kb6 38.Ke4 Kc5 39.Kd3 Kd5 40.h3 f5 41.g4 fxg4 42.fxg4 Ke5
43.h4  1/2-1/2

[Event "ST Lee Cup 4th"]
[Site "Beijing"]
[Date "1997.08.27"]
[Round "4"]
[White "Peng Xiaomin"]
[Black "Pigusov, Evgeny"]
[Result "1/2-1/2"]
[WhiteElo "2530"]
[BlackElo "2560"]

1.e4 c5 2.Nf3 d6 3.Bb5+ Nd7 4.d4 Nf6 5.Nc3 a6 6.Bxd7+ Nxd7 7.O-O e6 8.Bg5 Qc7
9.dxc5 Nxc5 10.Re1 b5 11.Nd5 Qb7 12.Qd4 e5 13.Qb4 Be6 14.Rad1 h6 15.Bh4 Rc8
16.b3 g5 17.Bg3 Bg7 18.Nc3 Qc6 19.Nd5 Qb7 20.Nc3 Qc6 21.Nd5  1/2-1/2

[Event "ST Lee Cup 4th"]
[Site "Beijing"]
[Date "1997.08.30"]
[Round "6"]
[White "Zhang Zhong"]
[Black "Pigusov, Evgeny"]
[Result "0-1"]
[WhiteElo "2475"]
[BlackElo "2560"]

1.e4 c5 2.Nf3 d6 3.Bb5+ Nd7 4.d4 Nf6 5.Nc3 a6 6.Bxd7+ Nxd7 7.O-O cxd4 8.Qxd4 e6
9.Bg5 f6 10.Bh4 Ne5 11.Qd1 Qc7 12.Nxe5 dxe5 13.Qh5+ g6 14.Qe2 Be7 15.f3 O-O
16.Bf2 b5 17.a4 b4 18.Nd1 a5 19.c4 Bb7 20.Ne3 f5 21.exf5 gxf5 22.Rad1 Rf7
23.Rfe1 Rg7 24.Nf1 Bf6 25.Ng3 Qf7 26.Rd6 h5 27.h4 Re8 28.Red1 Qg6 29.Rd7 Ree7
30.Rd8+ Kh7 31.Rf8 Ref7 32.Rxf7 Qxf7 33.Rd6 Bc8 34.Rc6 Rg8 35.Qe3 Qg6 36.Rc7+ Kh8
37.f4 exf4 38.Qxf4 e5 39.Qf3 e4 40.Qe2 f4 41.Qxh5+ Qxh5 42.Nxh5 Bxb2 43.Nxf4 b3
44.Rc5 Bg4 45.Rb5 Bd1 46.h5 Bc2 47.Nd5 Bg7 48.Ne3 Rd8 49.Kf1 Bd3+ 50.Kg1 b2
51.h6 Be5 52.Ng4 Bc3 53.Bh4 Rg8  0-1

[Event "ST Lee Cup 4th"]
[Site "Beijing"]
[Date "1997.08.31"]
[Round "7"]
[White "Liang Jinrong"]
[Black "Oll, Lembit"]
[Result "0-1"]
[WhiteElo "2425"]
[BlackElo "2645"]

1.e4 c5 2.Nf3 d6 3.Bb5+ Nd7 4.O-O Nf6 5.Re1 e6 6.c3 a6 7.Bf1 b5 8.d4 Bb7
9.Nbd2 cxd4 10.cxd4 Be7 11.b3 O-O 12.Bb2 d5 13.e5 Ne4 14.Bd3 f5 15.exf6 Ndxf6
16.a3 Bd6 17.Ne5 Bxe5 18.dxe5 Nxf2 19.Qe2 N6g4 20.Nf3 Rxf3 21.Qxf3 Qb6 22.Qf4 Nh3+  0-1

[Event "Banicky Kahanec"]
[Site "Prievidza"]
[Date "1997.09.09"]
[Round "2"]
[White "Oral, Tomas"]
[Black "Helbich, Jan Jr"]
[Result "1-0"]
[WhiteElo "2435"]
[BlackElo "2195"]

1.e4 c5 2.Nf3 d6 3.Bb5+ Bd7 4.Bxd7+ Qxd7 5.c4 e5 6.Nc3 g6 7.Nd5 Nc6 8.O-O Bg7
9.a3 Nge7 10.Rb1 O-O 11.b4 b6 12.d3 f5 13.bxc5 dxc5 14.Re1 f4 15.a4 Bf6 16.Bb2 Kf7
17.Bc3 g5 18.Nxg5+ Bxg5 19.Qh5+ Ke6 20.Qxg5 Kd6 21.a5 bxa5 22.Rb5 Rab8 23.d4 Nxd4
24.Bxd4 cxd4 25.c5+ Kc6 26.Rxb8  1-0

[Event "Chania op 7th"]
[Site "Chania"]
[Date "1997.09.10"]
[Round "8"]
[White "Hadzidakis, Mihail"]
[Black "Zahariev, Zahari"]
[Result "1/2-1/2"]
[WhiteElo "2225"]
[BlackElo "2410"]

1.e4 c5 2.Nf3 d6 3.Bb5+ Bd7 4.Bxd7+ Qxd7 5.O-O Nf6 6.e5 dxe5 7.Nxe5 Qc7 8.Qe2 Nc6
9.Nxc6 Qxc6 10.Na3 e6 11.b3 Be7 12.Bb2 O-O 13.d4 cxd4 14.Nb5 Qe4 15.Qxe4 Nxe4
16.Rfe1 Nc3 17.Nxd4 Rfc8 18.Re3 Nd5 19.Re2 Bf6 20.c4 Nb4 21.Bc3 a6 22.Rd1 Nd5
23.Bb2 Nf4  1/2-1/2

[Event "EU-ch U20"]
[Site "Tallinn"]
[Date "1997.09.11"]
[Round "2"]
[White "Menkinovski, Riste"]
[Black "Belichev, Nikolai"]
[Result "0-1"]
[WhiteElo "2195"]
[BlackElo "2345"]

1.e4 c5 2.Nf3 d6 3.Bb5+ Nd7 4.d4 Nf6 5.Nc3 a6 6.Bxd7+ Nxd7 7.a4 e6 8.O-O cxd4
9.Qxd4 Qb6 10.Qxb6 Nxb6 11.a5 Nc4 12.b3 Ne5 13.Nxe5 dxe5 14.Na4 Bd7 15.Nb6 Rd8
16.Bb2 Bc6 17.Rfd1 Rxd1+ 18.Rxd1 f6 19.f3 Bc5+ 20.Kf1 Bb4 21.Ra1 Bb5+ 22.c4 Bc6
23.Na4 Kf7 24.Nc3 Rd8 25.Ke2 g5 26.g3 h5 27.h3 g4 28.fxg4 hxg4 29.hxg4 Rh8
30.Nd1 Bxe4 31.Nf2 Bc2 32.Ba3 Bxa5 33.b4 Bb6 34.Rc1 Ba4 35.c5 Bc7 36.Bb2 Kg6
37.Ke3 Bc6 38.Rd1 Rh2 39.Rg1 Rg2 40.Rxg2 Bxg2 41.Bc1 f5 42.gxf5+ exf5 43.Nd3 Kf6
44.Bb2 Ke6 45.Bc3 Kd5 46.Bb2 Bf1 47.Ne1 Kc4 48.Nf3 Kxb4 49.Nxe5 Kxc5 50.Kf4 Bh3
51.Ke3 Kd5  0-1

[Event "ISL-ch"]
[Site "Akureyri"]
[Date "1997.09.12"]
[Round "4"]
[White "Thorhallsson, Throstur"]
[Black "Karason, Askell O"]
[Result "1-0"]
[WhiteElo "2510"]
[BlackElo "2305"]

1.e4 c5 2.Nf3 d6 3.Bb5+ Nc6 4.O-O Bd7 5.Re1 a6 6.Bf1 Bg4 7.h3 Bxf3 8.Qxf3 g6
9.c3 Bg7 10.d3 Nf6 11.Bg5 O-O 12.Na3 Nd7 13.Nc2 Qb6 14.Rab1 Qa5 15.a3 c4
16.Qg3 cxd3 17.Bxd3 Rac8 18.Bc4 Nf6 19.Ba2 Ne5 20.Nb4 Rfe8 21.Bd5 Qc7 22.Rbd1 a5
23.Nd3 Nxd5 24.exd5 Qb6 25.Rd2 Qb5 26.Nxe5 Bxe5 27.Qh4 Rc4 28.f4 Bf6 29.Rde2 Bxg5
30.Qxg5 Kg7 31.f5 h6 32.Qg3 g5 33.Rxe7 Qc5+ 34.Qf2 Qxf2+ 35.Kxf2 Rf4+ 36.Kg1 Rxf5  1-0

[Event "EUCup Gr7"]
[Site "Krynica"]
[Date "1997.09.15"]
[Round "1"]
[White "Svetushkin, Dmitry"]
[Black "Ristic, Nenad"]
[Result "1/2-1/2"]
[WhiteElo "2400"]
[BlackElo "2420"]

1.e4 c5 2.Nf3 d6 3.Bb5+ Bd7 4.Bxd7+ Nxd7 5.O-O Ngf6 6.Qe2 e6 7.b3 Be7 8.Bb2 O-O
9.c4 Re8 10.d4 cxd4 11.Nxd4 a6 12.Nc3 Qc7 13.Rac1 Rad8 14.Kh1 Qc5 15.Rfd1 Bf8
16.Nc2 Qc7 17.Ne3 Qb8 18.Ng4 Nxg4 19.Qxg4 b5 20.Qe2 b4 21.Na4 Qb7 22.Rd3 d5
23.Rg3 g6 24.e5 Nb6 25.Nxb6 Qxb6 26.h4 Bh6 27.c5 Qa5 28.Rc2 Qxa2 29.Rd3 Qa5
30.h5 Rc8 31.Bd4 Rc6 32.Rh3 Bg7 33.hxg6 fxg6 34.Qg4 Qd8 35.f4 Rf8 36.g3 Rf5
37.Rch2 Rh5 38.Rxh5 gxh5 39.Qxh5 h6 40.Qg6 Kf8 41.f5 Qe8 42.Qxe8+ Kxe8 43.f6 Bf8
44.Be3 a5 45.g4 Rc7 46.Bxh6 Rxc5 47.Bf4 Rc3 48.g5 Rxb3 49.Rh8 Kf7 50.g6+ Kxg6
51.Rxf8 Rf3 52.Rg8+ Kf7 53.Rg7+ Kf8 54.Rg4 b3 55.Bh6+ Ke8 56.Kg2 Rf5 57.Rg8+ Kf7
58.Rg7+ Ke8 59.Re7+ Kd8 60.Rxe6 Kc7 61.Bc1 d4 62.Bb2 a4 63.Bxd4 a3 64.Rb6 b2
65.Rb3 Kd7 66.Rb8 Kc7 67.Rb3 Kd7 68.Rb8 Kc7 69.Rb4 Kd7 70.Bc3 Rf4 71.Rb3 Rf5
72.Bd4 Ke6 73.Rb6+ Kd5 74.e6 Kxd4 75.e7 Rg5+ 76.Kf3 Rf5+ 77.Kg4 Rxf6 78.Rxf6 b1=Q
79.e8=Q Qd1+ 80.Kf5 Qd3+ 81.Kg5 Qd2+ 82.Rf4+ Kc3 83.Qc6+ Kb3 84.Qb5+ Kc3
85.Kf5 Qxf4+ 86.Kxf4 a2 87.Qa5+ Kb2 88.Qb4+ Ka1  1/2-1/2

[Event "AUT-chT2S 9798"]
[Site "Austria"]
[Date "1997.10.05"]
[Round "2"]
[White "Starc, Christian"]
[Black "Scheck, Rudolf"]
[Result "1-0"]
[WhiteElo "2170"]
[BlackElo "2180"]

1.e4 c5 2.Nf3 d6 3.Bb5+ Bd7 4.Bxd7+ Qxd7 5.O-O Nc6 6.Nc3 g6 7.d3 Bg7 8.Be3 Nd4
9.Bxd4 cxd4 10.Ne2 e5 11.c3 dxc3 12.Nxc3 Ne7 13.Qb3 O-O 14.Rad1 Nc6 15.Nd5 Kh8
16.Qa3 f5 17.b4 b6 18.Qc1 Rac8 19.Qg5 Qe6 20.Qh4 Bf6 21.Qh3 Ne7 22.Nxf6 Rxf6
23.Qh4 Kg7 24.Ng5 Qg8 25.d4 h6 26.dxe5 dxe5 27.Nf3 Qe6 28.exf5 Nxf5 29.Qe4 Nd6
30.Qxe5 Qxe5 31.Nxe5 Rc7 32.Rfe1 Nf7 33.Ng4 Rf4 34.h3 Rxb4 35.Ne3 Re4  1-0

[Event "AUT-chT 9798"]
[Site "Austria"]
[Date "1997.10.13"]
[Round "2"]
[White "Grosar, Aljosa"]
[Black "Popovic, Petar"]
[Result "1/2-1/2"]
[WhiteElo "2455"]
[BlackElo "2545"]

1.e4 c5 2.Nf3 d6 3.Bb5+ Bd7 4.Bxd7+ Nxd7 5.O-O Ngf6 6.Qe2 e6 7.b3 Be7 8.Bb2 O-O
9.c4 Re8 10.d4 cxd4 11.Nxd4 Qb6  1/2-1/2

[Event "Copa Itau Mercosul"]
[Site "Sao Paulo"]
[Date "1997.10.24"]
[Round "6"]
[White "Matsuura, Everaldo"]
[Black "Braga, Cicero"]
[Result "0-1"]
[WhiteElo "2390"]
[BlackElo "2420"]

1.e4 c5 2.Nf3 d6 3.Bb5+ Nc6 4.O-O Bd7 5.Re1 Nf6 6.c3 a6 7.Ba4 c4 8.d4 cxd3
9.Qxd3 g6 10.Bg5 Bg7 11.Qd2 O-O 12.Bh6 Ne5 13.Nxe5 Bxa4 14.Bxg7 Kxg7 15.Nf3 Bc6
16.Qc2 Qc7 17.Nbd2 e5 18.Nf1 d5 19.exd5 Bxd5 20.Nxe5 Be4 21.Rxe4 Nxe4 22.Nxg6 hxg6
23.Qxe4 Rfe8 24.Qc2 Rad8 25.Rd1 Rxd1 26.Qxd1 Qc4 27.a3 Qe2 28.Qd4+ Kg8 29.b4 Re4
30.Qd8+ Kg7 31.g3 Qc4 32.Qd2 Re2 33.Qd1 Qe4 34.c4 Rb2 35.Qc1 Rb1 36.Qc3+ Kg8  0-1

[Event "BCF-chT 97/98 (4NCL)"]
[Site "GBR"]
[Date "1997.10.25"]
[Round "1"]
[White "Quillan, Gary"]
[Black "Pedersen, Steffen"]
[Result "1/2-1/2"]
[WhiteElo "2320"]
[BlackElo "2415"]

1.e4 c5 2.Nf3 d6 3.Bb5+ Nd7 4.d4 Nf6 5.Nc3 cxd4 6.Qxd4 e5 7.Qd3 h6 8.h3 a6
9.Bxd7+ Bxd7 10.Be3 Be7 11.g4 Rc8 12.O-O-O Qa5 13.g5 hxg5 14.Bxg5 Rxc3 15.bxc3 Qa3+
16.Kd2 Bb5 17.Qe3 O-O 18.Rhg1 Rc8 19.Bxf6 Bxf6 20.Rg3 d5 21.exd5 Rc5 22.Ng5 Rxd5+
23.Ke1 Qxa2 24.Qe4 Rxd1+ 25.Kxd1 Qb1+ 26.Kd2 Qf1 27.Qf5 Bd7 28.Qh7+ Kf8 29.Ne4 Bc6
30.Qh8+ Ke7 31.Rd3 Bg5+ 32.Nxg5 Qxf2+ 33.Kc1 Qg1+ 34.Kb2 Qb6+ 35.Kc1 Qg1+
36.Kb2  1/2-1/2

[Event "WchT 4th"]
[Site "Luzern"]
[Date "1997.10.28"]
[Round "4"]
[White "Kazhgaleyev, Murtas"]
[Black "Pelletier, Yannick"]
[Result "1-0"]
[WhiteElo "2500"]
[BlackElo "2465"]

1.e4 c5 2.Nf3 d6 3.Bb5+ Bd7 4.Bxd7+ Nxd7 5.O-O Ngf6 6.Qe2 Rc8 7.b3 g6 8.c3 Bh6
9.Bb2 O-O 10.c4 e5 11.Nc3 Nh5 12.g3 Ng7 13.d3 Qa5 14.Nd5 Rce8 15.Bc3 Qd8
16.b4 Ne6 17.Rab1 Bg7 18.Nd2 f5 19.f3 cxb4 20.Rxb4 Ndc5 21.Nb3 Rf7 22.Nxc5 Nxc5
23.Bd2 b6 24.a4 Qd7 25.Rb5 Nxa4 26.Be3 Ref8 27.Kg2 f4 28.Bg1 fxg3 29.hxg3 h5
30.Rb3 Qc8 31.Ra3 Nc5 32.Bxc5 Qxc5 33.Qa2 Ra8 34.Ra6 Kh7 35.Rxb6 axb6 36.Qxa8 b5
37.Qe8 Rf8 38.Qxb5 Qd4 39.Qb3 Ra8 40.Rf2 Qa1 41.Qb2 Qd1 42.Rd2 Qe1 43.Re2 Qd1
44.Qc2 Qa1 45.Nc7 Ra7 46.Nb5 Ra6 47.Qb3 g5 48.Qb2 Qd1 49.Qd2 Qb1 50.Qc2 Qa1
51.Nc7 Rb6 52.Qa2 Qd1 53.Qd2 Rb1 54.Qxd1 Rxd1 55.Ne6 Bh6 56.c5 Rxd3 57.c6 Rc3
58.c7 Kg6 59.Ra2 Kf6 60.Ra8 Kxe6 61.c8=Q+ Rxc8 62.Rxc8 Bg7 63.Rc7 Bf6 64.Rh7 h4
65.Rb7 Bd8 66.Kh3 hxg3 67.Kxg3 Ba5 68.Kg4 Bd2 69.Kh5 Be3 70.Kg6 d5 71.exd5+ Kxd5
72.Kf5 Bf4 73.Rb4 Kd6 74.Rb5 Kd7 75.Rd5+ Ke8 76.Kf6  1-0

[Event "RUS-Cup01 Chigorin mem"]
[Site "St Petersburg"]
[Date "1997.11.03"]
[Round "3"]
[White "Zaitsev, Igor A"]
[Black "Lerner, Konstantin Z"]
[Result "1/2-1/2"]
[WhiteElo "2475"]
[BlackElo "2560"]

1.e4 c5 2.Nf3 d6 3.Bb5+ Bd7 4.Bxd7+ Qxd7 5.O-O Nf6 6.Re1 Nc6 7.c3 e6 8.d4 cxd4
9.cxd4 d5 10.e5 Ne4 11.Nbd2 Nxd2 12.Bxd2 Be7 13.Rc1 O-O 14.Rc3 Rac8 15.a3 f5
16.exf6 Rxf6 17.Ne5  1/2-1/2

[Event "RUS-Cup01 Chigorin mem"]
[Site "St Petersburg"]
[Date "1997.11.05"]
[Round "5"]
[White "Shurygin, Sergey"]
[Black "Doronenkov, Andrey"]
[Result "1-0"]
[WhiteElo "2355"]
[BlackElo "2150"]

1.e4 c5 2.Nf3 d6 3.Bb5+ Bd7 4.Bxd7+ Qxd7 5.c4 Nc6 6.Nc3 e6 7.O-O Nf6 8.d4 cxd4
9.Nxd4 Nxd4 10.Qxd4 Be7 11.Rd1 Qc6 12.Be3 O-O 13.f3 Rfd8 14.Rac1 Kf8 15.b3 Qc5
16.Qd2 Qb4 17.Qf2 b6 18.Qb2 Rd7 19.Rd3 Rad8 20.Rcd1 d5 21.cxd5 exd5 22.Rd4 Qc5
23.e5 Qc6 24.exf6 Bxf6 25.R4d3 d4 26.Qa3+ Ke8 27.Ne4 Be7 28.Qc1 Qxc1 29.Bxc1  1-0

[Event "RUS-Cup01 Chigorin mem"]
[Site "St Petersburg"]
[Date "1997.11.05"]
[Round "5"]
[White "Sotsky, Alexander"]
[Black "Vaulin, Alexander"]
[Result "0-1"]
[WhiteElo "2305"]
[BlackElo "2530"]

1.e4 c5 2.Nf3 d6 3.Bb5+ Nd7 4.d4 Nf6 5.Nc3 a6 6.Bxd7+ Nxd7 7.O-O cxd4 8.Qxd4 e6
9.a4 Qc7 10.Be3 Ne5 11.Nxe5 dxe5 12.Qb6 Qxb6 13.Bxb6 Bd7 14.Rfd1 Bc6 15.f3 Be7
16.Rd3 h5 17.b3 g5 18.Nd1 f5 19.Nf2 Kf7 20.Re1 Bf6 21.Bc7 Rac8 22.Bd6 Rhe8
23.c4 g4 24.Nd1 gxf3 25.gxf3 Rg8+ 26.Kf1 Rg5 27.exf5 Rxf5 28.Ke2 Rg8 29.Rf1 e4
30.fxe4 Bxe4 31.Re3 Bc6 32.Rxf5 exf5 33.Rg3 Re8+ 34.Re3 Be4 35.Nf2 Bd4 36.Rg3 h4
37.Rg5 Bc2+ 38.Kf3 Re3+ 39.Kg2  0-1

[Event "AUT-chT2O 9798"]
[Site "Austria"]
[Date "1997.11.07"]
[Round "1"]
[White "Schirmbeck, Hannes"]
[Black "Froeschl, Felix"]
[Result "0-1"]
[WhiteElo "2150"]
[BlackElo "2220"]

1.e4 c5 2.Nf3 d6 3.Bb5+ Bd7 4.Bxd7+ Qxd7 5.O-O Nc6 6.c3 e6 7.d4 d5 8.exd5 Qxd5
9.Qa4 c4 10.Na3 Bxa3 11.bxa3 a6 12.Qc2 Nge7 13.a4 O-O 14.Rb1 b5 15.Ng5 f5
16.Qe2 Rf6 17.Qh5 h6 18.Nh3 e5 19.dxe5 Nxe5 20.Re1 N7g6 21.Nf4 Nxf4 22.Bxf4 Nd3
23.Re8+ Rxe8 24.Qxe8+ Rf8 25.Qe3 g5 26.Bc7 f4 27.Qb6 Kh7 28.axb5 axb5 29.h3 b4
30.Qd6 Qxd6 31.Bxd6 Ra8 32.Bxb4 Rxa2 33.f3 Kg6 34.Be7 Rc2 35.h4 Rxc3 36.hxg5 hxg5
37.Rb6+ Kf5 38.Rf6+ Ke5 39.Rg6 Rc1+ 40.Kh2 c3 41.Rxg5+ Ke6  0-1